| 000 | 00902nam a22003017a 4500 | ||
|---|---|---|---|
| 001 | BR9000077 | ||
| 003 | BR-BrBNA | ||
| 005 | 20230928093341.0 | ||
| 007 | ta | ||
| 008 | 230509b bl.||||| |||| 00| 0 por d | ||
| 040 |
_aBR-BrBNA _bpor _cBiblioteca Nacional de Agricultura |
||
| 041 | _a(Por) | ||
| 072 |
_aK50; F50 _b8901 |
||
| 090 | _ 8901 BR9000077 | ||
| 100 | 1 | _aMainieri, C. | |
| 100 | 1 | _aChimelo, J.P. | |
| 110 | 1 | _aInstituto de Pesquisas Tecnologicas, Sao Paulo, SP (Brasil). Div. de Madeiras | |
| 245 | 1 | _aFichas de caracteristicas das madeiras brasileiras | |
| 246 | 1 | _a[Index card of the brazilian wood characteristics] | |
| 260 | 3 |
_aSao Paulo, SP (Brasil): _c1989. |
|
| 300 | _a410 p. | ||
| 650 | _aMADEIRA | ||
| 650 | _aTECNOLOGIA INDUSTRIAL | ||
| 650 | _aANATOMIA VEGETAL | ||
| 650 | _aPROPRIEDADE FISICO-QUIMICA | ||
| 909 |
_a202309 _bLucia _c55 _dLucia Elande |
||
| 942 | _cBK | ||
| 999 |
_c44473 _d44473 |
||